[Event "Titled Tuesday intern op 06th May Early"]
[Site "Chess.com INT"]
[Date "2025.05.06"]
[Round "8"]
[White "Dreelinck, Jacob"]
[Black "Stojanovski, Sandi"]
[Result "1-0"]
[WhiteElo "2252"]
[BlackElo "2169"]
[PlyCount "101"]
[EventDate "2025.05.06"]
[EventType "swiss (blitz)"]
[EventRounds "11"]
[EventCountry "USA"]
[SourceTitle "CB20_2025"]
[SourceDate "2025.05.14"]
[SourceVersion "1"]
[SourceVersionDate "2025.05.14"]
[SourceQuality "1"]

1. e4 d6 2. d4 Nf6 3. Bd3 g6 4. Nf3 Bg7 5. c3 0-0 6. 0-0 Nc6 7. d5 Ne5 8. Nxe5 dxe5 9. c4 e6 10. Nc3 exd5 11. cxd5 c6 12. dxc6 bxc6 13. Be3 Be6 14. Na4 Nd7 15. Qc2 Qa5 16. b3 Rfc8 17. Nc5 Nxc5 18. Qxc5 Qxc5 19. Bxc5 Bf8 20. Be3 Ba3 21. Rfd1 a5 22. Rab1 c5 23. Bc4 Bxc4 24. bxc4 Rab8 25. Kf1 Bb2 26. Ke2 Bd4 27. a3 a4 28. Rb5 Rxb5 29. cxb5 Bb2 30. b6 Bxa3 31. Ra1 Bb4 32. Rxa4 Rb8 33. Ra6 Kf8 34. Kd3 Ke7 35. Kc4 Kd6 36. Kb5 f5 37. f3 fxe4 38. fxe4 Kd7 39. Ra7+ Kd6 40. b7 Kc7 41. Bxc5 Bxc5 42. Kxc5 Rxb7 43. Rxb7+ Kxb7 44. Kd5 Kc7 45. Kxe5 Kd7 46. Kf6 Ke8 47. Kg7 Ke7 48. Kxh7 g5 49. Kg6 g4 50. Kg5 g3 51. hxg3 1-0

[Event "Titled Tuesday intern op 06th May Early"]
[Site "Chess.com INT"]
[Date "2025.05.06"]
[Round "11"]
[White "Stojanovski, Sandi"]
[Black "Altynbek, Aiaru"]
[Result "0-1"]
[WhiteElo "2169"]
[BlackElo "1977"]
[PlyCount "80"]
[EventDate "2025.05.06"]
[EventType "swiss (blitz)"]
[EventRounds "11"]
[EventCountry "USA"]
[SourceTitle "CB20_2025"]
[SourceDate "2025.05.14"]
[SourceVersion "1"]
[SourceVersionDate "2025.05.14"]
[SourceQuality "1"]

1. c4 e6 2. d4 d5 3. Nc3 Be7 4. cxd5 exd5 5. Qc2 c6 6. Bf4 g6 7. e3 Bf5 8. Bd3 Bxd3 9. Qxd3 Nf6 10. h4 Nbd7 11. Nf3 0-0 12. h5 Re8 13. hxg6 fxg6 14. 0-0-0 b5 15. Ng5 Nf8 16. Be5 a5 17. Bxf6 Bxf6 18. Nxh7 Kg7 19. Nxf8 Rxf8 20. Rh3 Rg8 21. Rdh1 Kf7 22. f4 a4 23. f5 g5 24. e4 b4 25. Ne2 dxe4 26. Qxe4 Qd6 27. Rh7+ Rg7 28. Rxg7+ Bxg7 29. Rh7 Kg8 30. Rh5 a3 31. Rxg5 axb2+ 32. Kxb2 b3 33. axb3 Qa3+ 34. Kc3 Qa1+ 35. Kd3 Kf8 36. Qe6 Qd1+ 37. Ke4 Re8 38. Kf3 Rxe6 39. fxe6 Qf1+ 40. Ke3 Bh6 0-1

[Event "Titled Tuesday intern op 21st Jan Late"]
[Site "Chess.com INT"]
[Date "2025.01.21"]
[Round "6"]
[White "Mohammadi, Melika"]
[Black "Stojanovski, Sandi"]
[Result "1-0"]
[WhiteElo "2181"]
[BlackElo "2169"]
[PlyCount "59"]
[EventDate "2025.01.21"]
[EventType "swiss (blitz)"]
[EventRounds "11"]
[EventCountry "USA"]
[SourceTitle "CB05_2025"]
[SourceDate "2025.01.29"]
[SourceVersion "1"]
[SourceVersionDate "2025.01.29"]
[SourceQuality "1"]

1. c4 Nf6 2. Nc3 g6 3. d4 Bg7 4. e4 0-0 5. f4 d6 6. Nf3 c5 7. d5 e6 8. Be2 exd5 9. cxd5 Nbd7 10. 0-0 Re8 11. Qc2 a6 12. a4 Qc7 13. Ra3 Rb8 14. Kh1 c4 15. Be3 Nc5 16. e5 Bf5 17. Qd1 dxe5 18. d6 Qc8 19. Nxe5 Nd3 20. Bxd3 Bxd3 21. Nxd3 Rxe3 22. Ne5 Nd7 23. Nd5 Rxe5 24. fxe5 Qc5 25. Ne7+ Kh8 26. Rh3 Nxe5 27. Qd2 Rd8 28. Rf4 h5 29. Rf5 Qxd6 30. Rfxh5+ 1-0

[Event "Titled Tuesday intern op 21st Jan Late"]
[Site "Chess.com INT"]
[Date "2025.01.21"]
[Round "4"]
[White "Mustafayev, Farid Farman Oglu"]
[Black "Stojanovski, Sandi"]
[Result "1-0"]
[WhiteElo "2319"]
[BlackElo "2169"]
[PlyCount "71"]
[EventDate "2025.01.21"]
[EventType "swiss (blitz)"]
[EventRounds "11"]
[EventCountry "USA"]
[SourceTitle "CB05_2025"]
[SourceDate "2025.01.29"]
[SourceVersion "1"]
[SourceVersionDate "2025.01.29"]
[SourceQuality "1"]

1. d4 Nf6 2. c4 e6 3. Nc3 Bb4 4. e3 0-0 5. Bd3 d5 6. a3 Bxc3+ 7. bxc3 c5 8. Ne2 dxc4 9. Bxc4 Qc7 10. Bd3 b6 11. 0-0 Bb7 12. a4 Nc6 13. Ba3 Rfd8 14. Qc2 Rac8 15. Ng3 cxd4 16. cxd4 Na5 17. Qe2 Qc6 18. f3 Nd5 19. Ne4 Nc3 20. Qf2 Nxe4 21. Bxe4 Qd7 22. Bd3 Nc4 23. Bb4 Nxe3 24. Rfb1 Qxd4 25. Ra3 Nf5 26. Bxf5 Qxf2+ 27. Kxf2 exf5 28. Re3 Re8 29. Rd3 Ba6 30. Rd7 Re2+ 31. Kg3 h6 32. h4 Rcc2 33. Rxa7 Rxg2+ 34. Kf4 Rc4+ 35. Ke5 Rc6 36. Rxa6 1-0

[Event "Titled Tuesday intern op 21st Jan Late"]
[Site "Chess.com INT"]
[Date "2025.01.21"]
[Round "7"]
[White "Stojanovski, Sandi"]
[Black "Ambartsumova, Karina"]
[Result "0-1"]
[WhiteElo "2169"]
[BlackElo "2405"]
[PlyCount "112"]
[EventDate "2025.01.21"]
[EventType "swiss (blitz)"]
[EventRounds "11"]
[EventCountry "USA"]
[SourceTitle "CB05_2025"]
[SourceDate "2025.01.29"]
[SourceVersion "1"]
[SourceVersionDate "2025.01.29"]
[SourceQuality "1"]

1. d3 d5 2. Nf3 Nf6 3. g3 g6 4. Bg2 Bg7 5. 0-0 0-0 6. c4 c6 7. cxd5 cxd5 8. Nc3 Nc6 9. Bf4 Bg4 10. Ne5 Nxe5 11. Bxe5 Be6 12. Qa4 Qb6 13. Qb5 Nd7 14. Bxg7 Kxg7 15. a4 Rac8 16. Qxb6 Nxb6 17. a5 Nd7 18. Nxd5 Bxd5 19. Bxd5 Rc2 20. b4 b6 21. axb6 axb6 22. Bf3 Ne5 23. Rfc1 Rb2 24. Rab1 Rxb1 25. Rxb1 Nxf3+ 26. exf3 Rd8 27. Rb3 g5 28. Kf1 e5 29. Ke2 b5 30. Kd2 Kg6 31. Kc2 Ra8 32. Kc3 Ra1 33. Rb2 Rh1 34. d4 f6 35. dxe5 fxe5 36. Kd3 Kf5 37. Rc2 Rb1 38. Kc3 h5 39. Rd2 Rc1+ 40. Kd3 Rc4 41. Rb2 g4 42. Ke3 Rc3+ 43. Ke2 gxf3+ 44. Kd2 Rc4 45. Ke3 Kg4 46. Rb3 e4 47. Rb2 Kh3 48. Kf4 Kxh2 49. Kg5 Kg1 50. Kxh5 e3 51. fxe3 f2 52. Rxf2 Kxf2 53. g4 Kxe3 54. g5 Kf4 55. g6 Kf5 56. g7 Rc1 0-1

[Event "Titled Tuesday intern op 21st Jan Late"]
[Site "Chess.com INT"]
[Date "2025.01.21"]
[Round "2"]
[White "Stojanovski, Sandi"]
[Black "Bongo Akanga Ndjila, Barthelemy"]
[Result "1-0"]
[WhiteElo "2169"]
[BlackElo "1888"]
[PlyCount "93"]
[EventDate "2025.01.21"]
[EventType "swiss (blitz)"]
[EventRounds "11"]
[EventCountry "USA"]
[SourceTitle "CB05_2025"]
[SourceDate "2025.01.29"]
[SourceVersion "1"]
[SourceVersionDate "2025.01.29"]
[SourceQuality "1"]

1. d3 d5 2. Nf3 Nf6 3. g3 g6 4. Bg2 Bg7 5. 0-0 0-0 6. c4 c6 7. cxd5 cxd5 8. Nc3 e6 9. e4 d4 10. Ne2 Nc6 11. Nd2 e5 12. h3 Be6 13. f4 Nb4 14. fxe5 Nd7 15. Nb3 Nxe5 16. Nf4 Bxb3 17. Qxb3 a5 18. a3 Nbc6 19. Bd2 b6 20. Nd5 Rb8 21. Qb5 Qd6 22. Rac1 Nd7 23. Qxc6 Qxg3 24. Bf4 Qxd3 25. Bxb8 Nxb8 26. Qc2 Qg3 27. Qf2 Qe5 28. Nf4 Nd7 29. Nd3 Qg5 30. Rc7 Ne5 31. Nxe5 Bxe5 32. Rxf7 Rc8 33. Rf8+ Kg7 34. Rxc8 Qe7 35. Qf8+ Qxf8 36. Rfxf8 d3 37. Rfd8 Bxb2 38. Rd7+ Kh6 39. Rxd3 b5 40. Rb8 b4 41. axb4 axb4 42. Rxb4 Be5 43. Rb5 Bc7 44. Kf1 g5 45. Rd7 Bf4 46. Rb6+ Kh5 47. Rxh7# 1-0

[Event "Titled Tuesday intern op 14th Jan Early"]
[Site "Chess.com INT"]
[Date "2025.01.14"]
[Round "4"]
[White "Ishvi, Aggarwal"]
[Black "Stojanovski, Sandi"]
[Result "1/2-1/2"]
[WhiteElo "2003"]
[BlackElo "2169"]
[PlyCount "215"]
[EventDate "2025.01.14"]
[EventType "swiss (blitz)"]
[EventRounds "11"]
[EventCountry "USA"]
[SourceTitle "CB04_2025"]
[SourceDate "2025.01.22"]
[SourceVersion "1"]
[SourceVersionDate "2025.01.22"]
[SourceQuality "1"]

1. d4 d6 2. c4 Nf6 3. Nc3 g6 4. e4 Bg7 5. Nf3 0-0 6. Be2 c5 7. 0-0 Bg4 8. Be3 Bxf3 9. Bxf3 cxd4 10. Bxd4 Nc6 11. Be3 Qa5 12. Rc1 Rfc8 13. Qb3 Rab8 14. Nd5 e6 15. Nxf6+ Bxf6 16. Rfd1 Be5 17. Be2 Qb4 18. f4 Qxb3 19. axb3 Bxb2 20. Rb1 Ba3 21. Ra1 Bc5 22. Kf2 a6 23. Bf3 e5 24. Bg4 Rd8 25. g3 Nd4 26. Rab1 Nc2 27. Bxc5 dxc5 28. fxe5 Nd4 29. b4 b6 30. bxc5 bxc5 31. Rxb8 Rxb8 32. Ra1 Rb2+ 33. Kg1 h5 34. Bd1 Rd2 35. Kf1 Rxh2 36. Kg1 Rd2 37. Kf1 Nc2 38. Bxc2 Rxc2 39. Rxa6 Rxc4 40. Rc6 Rxe4 41. Rxc5 Kf8 42. Kf2 Ke7 43. Kf3 Re1 44. Kf2 Ra1 45. Kf3 Ke6 46. Kf4 Ra4+ 47. Kf3 Rb4 48. Ra5 Kf5 49. Rc5 Rb3+ 50. Kg2 Kg4 51. Rc4+ Kf5 52. Rc5 Re3 53. Kf2 Rxe5 54. Rc7 Kf6 55. Rc6+ Re6 56. Rc7 Re5 57. Kf3 Re6 58. Kf4 Kg7 59. Rd7 Rf6+ 60. Ke3 Rf5 61. Rd6 Rf6 62. Rd7 Rf5 63. Rc7 g5 64. Rb7 Rf6 65. Ke4 Kg6 66. Rc7 Re6+ 67. Kf3 Rf6+ 68. Kg2 g4 69. Rc8 Rf5 70. Rg8+ Kf6 71. Rh8 Rd5 72. Rh6+ Kg5 73. Rh7 Rd2+ 74. Kg1 f5 75. Rg7+ Kf6 76. Rh7 Kg6 77. Rh8 h4 78. Rxh4 Kg5 79. Rh8 Rd6 80. Rg8+ Rg6 81. Rf8 Rf6 82. Rg8+ Rg6 83. Rf8 Rh6 84. Rg8+ Kf6 85. Rf8+ Ke5 86. Re8+ Re6 87. Rf8 Ke4 88. Kf2 Re5 89. Rd8 Rd5 90. Re8+ Kd4 91. Rf8 Kd3 92. Re8 Kd4 93. Rf8 Ra5 94. Rd8+ Ke4 95. Re8+ Re5 96. Rd8 Re6 97. Rf8 Ke5 98. Rd8 Re7 99. Rf8 Rc7 100. Re8+ Kd4 101. Rd8+ Ke4 102. Re8+ Kd5 103. Rd8+ Ke6 104. Re8+ Re7 105. Rf8 Ke5 106. Rd8 Ke4 107. Rf8 Re5 108. Rd8 1/2-1/2

[Event "Titled Tuesday intern op 14th Jan Early"]
[Site "Chess.com INT"]
[Date "2025.01.14"]
[Round "11"]
[White "Stojanovski, Sandi"]
[Black "Hua, Charles"]
[Result "1-0"]
[WhiteElo "2169"]
[BlackElo "2039"]
[PlyCount "77"]
[EventDate "2025.01.14"]
[EventType "swiss (blitz)"]
[EventRounds "11"]
[EventCountry "USA"]
[SourceTitle "CB04_2025"]
[SourceDate "2025.01.22"]
[SourceVersion "1"]
[SourceVersionDate "2025.01.22"]
[SourceQuality "1"]

1. d3 g6 2. Nf3 Bg7 3. g3 c5 4. Bg2 d6 5. 0-0 Nc6 6. c4 e5 7. Nc3 Nge7 8. Rb1 0-0 9. a3 f5 10. e3 h6 11. Qc2 g5 12. b4 cxb4 13. axb4 f4 14. b5 Nb8 15. exf4 exf4 16. Re1 Ng6 17. Nd5 Bf5 18. Bb2 Ne5 19. Nxe5 dxe5 20. Bxe5 Bxe5 21. Rxe5 Nd7 22. Ne7+ Kh7 23. Rxf5 Qxe7 24. d4 Rxf5 25. Qxf5+ Kg7 26. Bxb7 Rf8 27. Qd3 Nf6 28. Bf3 g4 29. Bg2 f3 30. Bf1 Re8 31. d5 Qc5 32. Rd1 Ne4 33. Qd4+ Kf7 34. d6 Qxd4 35. Rxd4 Nc3 36. d7 Ne2+ 37. Bxe2 fxe2 38. dxe8Q+ Kxe8 39. Re4+ 1-0

[Event "Titled Tuesday intern op 14th Jan Early"]
[Site "Chess.com INT"]
[Date "2025.01.14"]
[Round "8"]
[White "Stojanovski, Sandi"]
[Black "Skliarov, Viktor"]
[Result "0-1"]
[WhiteElo "2169"]
[BlackElo "2340"]
[PlyCount "46"]
[EventDate "2025.01.14"]
[EventType "swiss (blitz)"]
[EventRounds "11"]
[EventCountry "USA"]
[SourceTitle "CB04_2025"]
[SourceDate "2025.01.22"]
[SourceVersion "1"]
[SourceVersionDate "2025.01.22"]
[SourceQuality "1"]

1. d3 c5 2. Nf3 Nc6 3. g3 g6 4. Bg2 Bg7 5. 0-0 Nf6 6. c4 0-0 7. Nc3 d5 8. cxd5 Nxd5 9. Nxd5 Qxd5 10. Be3 Qh5 11. Rc1 Nd4 12. Nxd4 cxd4 13. Bf4 e5 14. Bf3 Bg4 15. Bd2 Bxf3 16. exf3 Rac8 17. Qe2 f5 18. b3 b5 19. Rxc8 Rxc8 20. Rc1 Re8 21. Rc7 e4 22. g4 fxg4 23. fxe4 Be5 0-1

[Event "Titled Tuesday intern op 14th Jan Early"]
[Site "Chess.com INT"]
[Date "2025.01.14"]
[Round "1"]
[White "Stojanovski, Sandi"]
[Black "Szpar, Milosz"]
[Result "0-1"]
[WhiteElo "2169"]
[BlackElo "2457"]
[PlyCount "48"]
[EventDate "2025.01.14"]
[EventType "swiss (blitz)"]
[EventRounds "11"]
[EventCountry "USA"]
[SourceTitle "CB04_2025"]
[SourceDate "2025.01.22"]
[SourceVersion "1"]
[SourceVersionDate "2025.01.22"]
[SourceQuality "1"]

1. d3 d5 2. Nf3 c5 3. g3 Nc6 4. Bg2 e5 5. 0-0 Be7 6. c4 d4 7. e3 Bg4 8. exd4 exd4 9. Qa4 Qd7 10. h3 Bf5 11. Qb3 Nf6 12. g4 Bg6 13. Bf4 0-0 14. Ne5 Nxe5 15. Bxe5 Rae8 16. Bg3 Bd6 17. Bxd6 Qxd6 18. Nd2 h5 19. gxh5 Nxh5 20. Rfe1 Nf4 21. Ne4 Bxe4 22. Rxe4 Rxe4 23. dxe4 d3 24. Rd1 Qg6 0-1

[Event "Titled Tuesday intern op 07th Jan Early"]
[Site "Chess.com INT"]
[Date "2025.01.07"]
[Round "9"]
[White "Nurgaliyeva, Zarina"]
[Black "Stojanovski, Sandi"]
[Result "0-1"]
[WhiteElo "2263"]
[BlackElo "2169"]
[PlyCount "68"]
[EventDate "2025.01.07"]
[EventType "swiss (blitz)"]
[EventRounds "11"]
[EventCountry "USA"]
[SourceTitle "CB03_2025"]
[SourceDate "2025.01.15"]
[SourceVersion "1"]
[SourceVersionDate "2025.01.15"]
[SourceQuality "1"]

1. e4 d6 2. d4 Nf6 3. Nc3 g6 4. Bg5 Bg7 5. Qd2 c6 6. 0-0-0 h6 7. Bf4 b5 8. Qe1 b4 9. Na4 Qa5 10. b3 e5 11. dxe5 dxe5 12. Bd2 c5 13. Qe3 Ng4 14. Qxc5 Qxc5 15. Nxc5 Nxf2 16. Bxb4 Nxd1 17. Bb5+ Nd7 18. Kxd1 Rb8 19. a4 a6 20. Nxd7 Bxd7 21. Bxd7+ Kxd7 22. Ba5 Bf8 23. Ne2 Bb4 24. Bxb4 Rxb4 25. Kc1 Rxe4 26. Rd1+ Ke6 27. Nc3 Rd4 28. Re1 f5 29. Kb2 e4 30. Ne2 Rd2 31. Nf4+ Kf6 32. b4 g5 33. Ne2 f4 34. b5 Rc8 0-1

[Event "Titled Tuesday intern op 07th Jan Early"]
[Site "Chess.com INT"]
[Date "2025.01.07"]
[Round "11"]
[White "Salonen, Aku"]
[Black "Stojanovski, Sandi"]
[Result "0-1"]
[WhiteElo "2187"]
[BlackElo "2169"]
[PlyCount "64"]
[EventDate "2025.01.07"]
[EventType "swiss (blitz)"]
[EventRounds "11"]
[EventCountry "USA"]
[SourceTitle "CB03_2025"]
[SourceDate "2025.01.15"]
[SourceVersion "1"]
[SourceVersionDate "2025.01.15"]
[SourceQuality "1"]

1. e4 d6 2. d4 Nf6 3. Nc3 g6 4. Nf3 Bg7 5. Be3 0-0 6. Qd2 Bg4 7. Be2 Nc6 8. d5 Bxf3 9. gxf3 Ne5 10. 0-0-0 c5 11. Rhg1 Qa5 12. f4 Ned7 13. Bf3 b5 14. Kb1 b4 15. Ne2 Nb6 16. e5 dxe5 17. fxe5 Nc4 18. Qc1 Nxe5 19. Bh1 Nc4 20. Bh6 Bh8 21. Bxf8 Rxf8 22. Nf4 Ne8 23. Nd3 Ned6 24. Rge1 Nb5 25. Rxe7 Nba3+ 26. Ka1 Nxb2 27. Qxb2 Bxb2+ 28. Nxb2 Nb5 29. Nc4 Qa4 30. Rd3 Nc3 31. Rxc3 bxc3 32. Re4 Qxc2 0-1

[Event "Titled Tuesday intern op 07th Jan Early"]
[Site "Chess.com INT"]
[Date "2025.01.07"]
[Round "1"]
[White "Stojanovski, Sandi"]
[Black "Schnaider, Ilan"]
[Result "0-1"]
[WhiteElo "2169"]
[BlackElo "2392"]
[PlyCount "88"]
[EventDate "2025.01.07"]
[EventType "swiss (blitz)"]
[EventRounds "11"]
[EventCountry "USA"]
[SourceTitle "CB03_2025"]
[SourceDate "2025.01.15"]
[SourceVersion "1"]
[SourceVersionDate "2025.01.15"]
[SourceQuality "1"]

1. d3 Nf6 2. Nf3 b6 3. g3 Bb7 4. Bg2 e6 5. 0-0 Be7 6. c4 0-0 7. Nc3 d6 8. b3 Nbd7 9. Bb2 Re8 10. Qc2 e5 11. d4 Bf8 12. d5 g6 13. e4 Bg7 14. b4 a5 15. a3 Qe7 16. Nb5 Nf8 17. Rfc1 Ba6 18. Ne1 Rec8 19. bxa5 Bxb5 20. cxb5 Rxa5 21. a4 N8d7 22. Bh3 Ra7 23. Nd3 Rca8 24. Nb4 Rb7 25. Nc6 Qe8 26. Ba3 h5 27. f3 h4 28. Kg2 hxg3 29. hxg3 Nh5 30. Rh1 Nf8 31. Bc1 Nh7 32. Be3 Qf8 33. Qd2 Re8 34. Raf1 Ra8 35. Ra1 f5 36. exf5 gxf5 37. Ra2 Kh8 38. f4 exf4 39. gxf4 Re8 40. Bd4 Qf7 41. Bxg7+ Qxg7+ 42. Kf2 Qg3+ 43. Kf1 Qf3+ 44. Qf2 Qxh1+ 0-1

[Event "Titled Tuesday intern op 17th Sep Early"]
[Site "Chess,com INT"]
[Date "2024.09.17"]
[Round "1"]
[White "Ezat, Mohamed Mahmoud"]
[Black "Stojanovski, Sandi"]
[Result "1-0"]
[WhiteElo "2312"]
[BlackElo "2169"]
[PlyCount "51"]
[EventDate "2024.09.17"]
[EventType "swiss (blitz)"]
[EventRounds "11"]
[EventCountry "USA"]
[SourceTitle "EXT 2025"]
[Source "ChessBase"]
[SourceDate "2024.10.14"]
[SourceVersion "1"]
[SourceVersionDate "2024.10.14"]
[SourceQuality "1"]

1. d4 Nf6 2. c4 e6 3. Nc3 Bb4 4. e3 0-0 5. a3 Bxc3+ 6. bxc3 c5 7. Bd3 d5 8. cxd5 exd5 9. f3 b6 10. Ne2 Ba6 11. Bxa6 Nxa6 12. 0-0 Rc8 13. Ng3 cxd4 14. cxd4 Qc7 15. Ra2 Qc4 16. Re2 Rfd8 17. Bb2 b5 18. e4 dxe4 19. fxe4 Nc5 20. Nf5 Kf8 21. e5 Nd5 22. Nd6 Rxd6 23. exd6 Ne6 24. Rxe6 Nc3 25. Qg4 Qxe6 26. Qxe6 1-0

[Event "Titled Tuesday intern op 10th Sep Early"]
[Site "Chess,com INT"]
[Date "2024.09.10"]
[Round "5"]
[White "Bugayev, Vladimir"]
[Black "Stojanovski, Sandi"]
[Result "0-1"]
[WhiteElo "2085"]
[BlackElo "2169"]
[PlyCount "72"]
[EventDate "2024.09.10"]
[EventType "swiss (blitz)"]
[EventRounds "11"]
[EventCountry "USA"]
[SourceTitle "EXT 2025"]
[Source "ChessBase"]
[SourceDate "2024.10.14"]
[SourceVersion "1"]
[SourceVersionDate "2024.10.14"]
[SourceQuality "1"]

1. e4 c5 2. Nc3 Nc6 3. Bb5 Nd4 4. Nf3 e6 5. 0-0 Ne7 6. Nxd4 cxd4 7. Ne2 Nc6 8. c3 dxc3 9. bxc3 Be7 10. d4 d5 11. e5 0-0 12. Bd3 Bd7 13. Ng3 f5 14. exf6 Bxf6 15. Nh5 Be8 16. Nxf6+ Qxf6 17. Rb1 b6 18. Qe2 Bg6 19. Ba3 Bxd3 20. Qxd3 Qf5 21. Qb5 Rfc8 22. Bd6 Na5 23. Rbc1 Nc4 24. Bg3 a6 25. Qd7 Qf7 26. Qa4 b5 27. Qc2 Qf5 28. Qe2 Rc6 29. Rfe1 Rac8 30. h3 h6 31. Qd1 Nd6 32. Qb3 Ne4 33. Re3 Qg5 34. h4 Qf5 35. a4 bxa4 36. Qxa4 Nxc3 0-1

[Event "Titled Tuesday intern op 10th Sep Early"]
[Site "Chess,com INT"]
[Date "2024.09.10"]
[Round "8"]
[White "Gurevich, Dmitry"]
[Black "Stojanovski, Sandi"]
[Result "1-0"]
[WhiteElo "2352"]
[BlackElo "2169"]
[PlyCount "63"]
[EventDate "2024.09.10"]
[EventType "swiss (blitz)"]
[EventRounds "11"]
[EventCountry "USA"]
[SourceTitle "EXT 2025"]
[Source "ChessBase"]
[SourceDate "2024.10.14"]
[SourceVersion "1"]
[SourceVersionDate "2024.10.14"]
[SourceQuality "1"]

1. d4 Nf6 2. c4 e6 3. g3 c5 4. Nf3 d5 5. cxd5 exd5 6. Bg2 Nc6 7. 0-0 Be7 8. b3 Ne4 9. Bb2 Bf6 10. Nc3 cxd4 11. Nb5 0-0 12. Nfxd4 Qb6 13. e3 a6 14. Na3 Nxd4 15. exd4 Bf5 16. Nc2 Rac8 17. Ne3 Be6 18. Qd3 Rfe8 19. Rac1 g6 20. h4 h5 21. Rxc8 Rxc8 22. Nxd5 Bxd5 23. Bxe4 Rd8 24. Rd1 Qd6 25. Bxd5 Qxd5 26. Qc4 Qd6 27. a4 Kg7 28. Rd2 Rd7 29. Kg2 Kg8 30. Qd3 Rd8 31. Qf3 Qd7 32. Qxf6 1-0

[Event "Titled Tuesday intern op 10th Sep Early"]
[Site "Chess,com INT"]
[Date "2024.09.10"]
[Round "2"]
[White "Stojanovski, Sandi"]
[Black "King, Robert J"]
[Result "1-0"]
[WhiteElo "2169"]
[BlackElo "1975"]
[PlyCount "31"]
[EventDate "2024.09.10"]
[EventType "swiss (blitz)"]
[EventRounds "11"]
[EventCountry "USA"]
[SourceTitle "EXT 2025"]
[Source "ChessBase"]
[SourceDate "2024.10.14"]
[SourceVersion "1"]
[SourceVersionDate "2024.10.14"]
[SourceQuality "1"]

1. d3 d5 2. Nf3 Nf6 3. g3 Nbd7 4. Bg2 e5 5. 0-0 Bd6 6. Nc3 c6 7. e4 Nb6 8. exd5 cxd5 9. Nxe5 Bxe5 10. Re1 Ng4 11. d4 0-0 12. dxe5 d4 13. Nb5 Re8 14. Qxd4 Qxd4 15. Nxd4 Nxe5 16. f4 1-0

[Event "Titled Tuesday intern op 03rd Sep Early"]
[Site "Chess.com INT"]
[Date "2024.09.03"]
[Round "5"]
[White "Ahmad, Khagan"]
[Black "Stojanovski, Sandi"]
[Result "1-0"]
[WhiteElo "2406"]
[BlackElo "2169"]
[PlyCount "69"]
[EventDate "2024.09.03"]
[EventType "swiss (blitz)"]
[EventRounds "11"]
[EventCountry "USA"]
[SourceTitle "EXT 2025"]
[Source "ChessBase"]
[SourceDate "2024.10.14"]
[SourceVersion "1"]
[SourceVersionDate "2024.10.14"]
[SourceQuality "1"]

1. e4 Nf6 2. Nc3 d5 3. exd5 Nxd5 4. Nf3 Nxc3 5. bxc3 g6 6. h4 Bg7 7. h5 c5 8. Bb5+ Nc6 9. Qe2 Bg4 10. Qe4 Qd7 11. Ba3 Bf5 12. Qa4 Qe6+ 13. Kf1 0-0 14. hxg6 Bxg6 15. Bxc5 a6 16. Bd3 Rfd8 17. Qh4 Rd5 18. Be3 Rh5 19. Qxh5 Bxh5 20. Rxh5 h6 21. Re1 Qxa2 22. Bxh6 Bxh6 23. Rxh6 Kg7 24. Rh7+ Kf6 25. g4 e6 26. g5+ Ke7 27. g6 Rf8 28. Ng5 Qd5 29. Nxf7 Rxf7 30. Rxf7+ Ke8 31. Re4 Qh5 32. Rxe6+ Kd8 33. Re3 Qh1+ 34. Ke2 Qh5+ 35. Ke1 1-0

[Event "Titled Tuesday intern op 03rd Sep Early"]
[Site "Chess.com INT"]
[Date "2024.09.03"]
[Round "6"]
[White "Stojanovski, Sandi"]
[Black "Markovits, Alex"]
[Result "1/2-1/2"]
[WhiteElo "2169"]
[BlackElo "2153"]
[PlyCount "117"]
[EventDate "2024.09.03"]
[EventType "swiss (blitz)"]
[EventRounds "11"]
[EventCountry "USA"]
[SourceTitle "EXT 2025"]
[Source "ChessBase"]
[SourceDate "2024.10.14"]
[SourceVersion "1"]
[SourceVersionDate "2024.10.14"]
[SourceQuality "1"]

1. d3 d5 2. Nf3 Nf6 3. g3 g6 4. Bg2 Bg7 5. 0-0 0-0 6. c4 d4 7. b4 a5 8. b5 Re8 9. a4 e5 10. Ra2 h6 11. Re1 Nbd7 12. e3 Nf8 13. exd4 exd4 14. Rxe8 Nxe8 15. Re2 Bg4 16. h3 Bxf3 17. Bxf3 Rb8 18. c5 Ne6 19. Ba3 Nf6 20. Nd2 Nd5 21. Qb3 Nc3 22. Rxe6 fxe6 23. Qxe6+ Kh7 24. Ne4 Qe8 25. Qc4 Qg8 26. Qxg8+ Kxg8 27. Nxc3 dxc3 28. Bc1 Bd4 29. c6 b6 30. Kf1 Kg7 31. Ke2 g5 32. Be4 Kf6 33. f4 gxf4 34. Bxf4 Be5 35. Bxh6 Bxg3 36. Be3 Rh8 37. Kf3 Be1 38. Bd4+ Kg5 39. Bxh8 c2 40. Bb2 Bd2 41. d4 c1Q 42. Bxc1 Bxc1 43. d5 Ba3 44. Bd3 Kh4 45. Kg2 Bd6 46. Bf5 Be5 47. Bg4 Bd6 48. Kf3 Be5 49. Ke4 Bd6 50. Kf5 Bg3 51. Ke6 Bd6 52. Kf6 Bg3 53. Kg6 Bd6 54. Kf5 Bg3 55. Ke6 Bd6 56. Kd7 Bg3 57. Kc8 Bd6 58. Kd7 Bg3 59. Ke6 1/2-1/2

[Event "Titled Tuesday intern op 27th Aug Early"]
[Site "Chess.com INT"]
[Date "2024.08.27"]
[Round "8"]
[White "Puzyrevsky, Semen"]
[Black "Stojanovski, Sandi"]
[Result "1/2-1/2"]
[WhiteElo "2252"]
[BlackElo "2169"]
[PlyCount "94"]
[EventDate "2024.08.27"]
[EventType "swiss (blitz)"]
[EventRounds "11"]
[EventCountry "USA"]
[SourceTitle "EXT 2025"]
[Source "ChessBase"]
[SourceDate "2024.10.14"]
[SourceVersion "1"]
[SourceVersionDate "2024.10.14"]
[SourceQuality "1"]

1. e4 Nf6 2. Nc3 d6 3. d4 g6 4. Be3 c6 5. f3 Nbd7 6. Qd2 Qc7 7. Nh3 b5 8. Nf2 Nb6 9. a3 a6 10. Bh6 Bb7 11. h4 0-0-0 12. Bxf8 Rhxf8 13. g4 e5 14. 0-0-0 c5 15. d5 c4 16. h5 Nfd7 17. hxg6 hxg6 18. Be2 Kb8 19. Rh7 Nc5 20. Rdh1 Nca4 21. Nfd1 Qc5 22. Rg7 Rh8 23. Rxh8 Rxh8 24. Rxf7 Rh1 25. Nxa4 Nxa4 26. c3 Qg1 27. Qg5 Nc5 28. Kb1 Qe1 29. Qd8+ Ka7 30. Qxd6 Qg1 31. Ka2 Nb3 32. Qc7 Qb6 33. d6 Nc1+ 34. Kb1 Nxe2 35. Kc2 Qxc7 36. Rxc7 Kb6 37. Rg7 Kc6 38. d7 Kc7 39. d8Q+ Kxd8 40. Rxb7 Nf4 41. Ne3 Rh2+ 42. Kd1 Nd3 43. Rb6 Nxb2+ 44. Ke1 Nd3+ 45. Kd1 Nb2+ 46. Ke1 Nd3+ 47. Kd1 Nb2+ 1/2-1/2